000
00215 a2200097 4500
001
15534
100
_a
Hofer, C W
245
_a
Strategy Formulation
260
_a
_b
West Publishing Company
_c
090
_c
12117
_d
12117
942
_a
NUST-CAE
_c
M
_c
2356
999
_c
250607
_d
250607